000 00363 a2200169 4500
001 191371
020 _a85-02-02647-X
040 _cMagnum
100 _aMoraes, Antonieta Dias de
240 1 0 _aSegredo de estado
_lpor
245 1 0 _aSegredo de estado
300 _a127
362 0 _a1998
440 1 _aSaraiva
697 _aLITERATURA JUVENIL
942 _cBK
999 _c191371
_d191371